000 00429nam a22001817a 4500
003 MPLRDC
005 20220104114357.0
008 210129b ||||| |||| 00| 0 eng d
020 _a7-5059-1964-4
082 _a857.623 ZY-8 v.1
100 _a张宇著
245 _a血雨艳桃红
_c
250 _a一版一刷
260 _a
_b中国文联出版公司
_c1994
300 _b
650 _a
942 _cBK
_o857.623 ZY-8 v.1
999 _c7006
_d6996